Sherlock (2010-2017): Characters by Picture - Statistics

General Stats
  • This quiz has been taken 151 times
  • The average score is 10 of 18
Answer Stats
Picture Answer % Correct
Sherlock Holmes
100%
John Watson
99%
Mycroft Holmes
95%
Jim Moriarty
92%
Mrs. Hudson
86%
Greg Lestrade
84%
Mary Watson
83%
Irene Adler
82%
Molly Hooper
63%
Philip Anderson
53%
Eurus Holmes
49%
Sally Donovan
39%
Rose Watson
38%
Bill Wiggins
23%
Sarah Sawyer
20%
Elizabeth Smallwood
18%
Janine Hawkins
18%
Ella Thompson
5%
No matching quizzes found
Score Distribution
Percent of People with Each Score
Percentile by Number Answered
Your Score History
You have not taken this quiz